00704nam a2200157 a 450000100100000000500170001000800410002704000250006808200140009324500490010726000670015630000200022395201120024395201740035599900170052900004083020201002034418.0130909s2001 dr r 000 0 spa d aDO-SdBNPbspacBNPHU axxxbxxxx00aNuevo instructivo de formación política. aSanto Domingo :bPartido de la Liberación Dominicana,c2001. a35 p. ;c21 cm. 0010718PDaPDbPDcHDd2013-09-09iLF1l0oxxx xxxxp40830-10r2020-06-25w2020-06-25yLFPDZNo se presta 0010718PDaPDbPDcHDd2019-05-29iLF1l0oxxx xxxxp40830-20r2020-06-25te. 2w2020-06-25yLFPDzPerteneció a la biblioteca personal de Maritza Baez.ZNo se presta c40320d40320